| 000 | 00000nam##2200000za#4500 |
| 001 | 9.625851 |
| 003 | CaOODSP |
| 005 | 20210615104227 |
| 007 | ta |
| 008 | 150406|2001||||xxc||||| f|0| 0 fre|d |
| 020 | |a0-662-86554-5 |
| 040 | |aCaOODSP|bfre |
| 043 | |an-cn--- |
| 086 | 1 |aH113-9/2001-5F |
| 110 | 1 |aCanada.|bSanté Canada. |bAgence de réglementation de la lutte antiparasitaire. |
| 245 | 10|aTrinexapac-éthyle |
| 260 | |aOttawa - Ontario : |bSanté Canada. |c2001. |
| 300 | |a81p. : |btableaux ; |c28 cm. |
| 490 | 1 |aProjet de décision d'homologation |vPRDD 2001-05 |
| 563 | |aCouverture souple |
| 590 | |a02-02|b2002-01-11 |
| 691 | 07|aPesticide|2gcpds |
| 691 | 07|aRéglementation|2gcpds |
| 775 | 08|tTrinexapac-ethyl |w(CaOODSP)9.615841 |
| 776 | 0#|tTrinexapac-éthyle |w(CaOODSP)9.591005 |
| 830 | #0|aProjet de décision d'homologation ;|vPRDD 2001-05|w(CaOODSP)9.513065 |